000 00329 a2200169 4500
001 171751
020 _a
040 _cMagnum
100 _aBarbosa, Nair de Medeiros
240 1 0 _aNa praia
_lpor
245 1 0 _aNa praia
300 _a15
362 0 _a1992
440 1 _aFTD
697 _aLITERATURA INFANTIL
942 _cBK
999 _c171751
_d171751